• 首页
  • 本馆介绍
  • 公告通知
  • 最新文献
  • 馆藏检索
  • 电子资源
  • 读者导购
  • 参考咨询
  • 我的图书馆
  • 登录
  • 详细信息显示
  • 放入我的书架
  • 预约/预借图书
  • 作者相关作品
  • 分类相关作品
  • 丛书相关作品
  • 出版社相关作品

书目信息

  • 表格格式
  • 工作单格式
  • 卡片格式
题名:
朝阳艺术与朝阳产业
    
 
作者: 居其宏 著
分册:  
出版信息: 北京   中央音乐学院出版社  2006
页数: 474页
开本: 21cm
丛书名:
单 册:
中图分类: J823
科图分类:
主题词: 音乐剧--研究--中国 , 音乐剧
电子资源:
ISBN: 7-81096-130-6
000 00884nam0 2200241 450
001 1236190388
005 20121019100358.85
010    @a7-81096-130-6@dCNY29.00
100    @a20060104d2006 em y0chiy50 ea
101 0  @achi
102    @aCN@b110000
105    @ay z 000yy
200 1  @a朝阳艺术与朝阳产业@Achao yang yi shu yu chao yang chan ye@e音乐剧在中国的命运@f居其宏著
210    @a北京@c中央音乐学院出版社@d2006
215    @a474页@d21cm
330    @a本书分为论文、评论、评述及发展报告四部分,内容包括:朝阳艺术与朝阳产业、音乐剧与当代文化意识、风靡全球的摩登艺术、大比之年的大落差、近年来我国音乐剧现状、问题与对策等。
517 1  @a音乐剧在中国的命运@Ayin yue ju zai zhong guo de ming yun
606 0  @a音乐剧@x研究@y中国
606 0  @a音乐剧
690    @aJ823@v4
701  0 @a居其宏@Aju qi hong@f(1943~)@4著
801  0 @aCN@bNLC@c20101222
905    @a10447@dJ823@eJY10
    
    朝阳艺术与朝阳产业:音乐剧在中国的命运/居其宏著.-北京:中央音乐学院出版社,2006
    474页;21cm
    
    
    ISBN 7-81096-130-6:CNY29.00
    本书分为论文、评论、评述及发展报告四部分,内容包括:朝阳艺术与朝阳产业、音乐剧与当代文化意识、风靡全球的摩登艺术、大比之年的大落差、近年来我国音乐剧现状、问题与对策等。
●
相关链接 在E读中查询图书 在五车中查询图书 在当当中查询图书 在豆瓣中查询图书


正题名:朝阳艺术与朝阳产业     索取号:J823/JY10         预约/预借

序号 登录号 条形码 馆藏地/架位号 状态 备注
1 7834008   278340083   学院路分馆/ [索取号:J823/JY10] 在馆    
2 7834009   278340092   学院路分馆/ [索取号:J823/JY10] 在馆    
唐山师范学院图书馆 欢迎您!
大连网信软件有限公司© 版权所有